000 00421nam a2200169Ia 4500
008 230711s9999||||xx |||||||||||||| ||und||
020 _a978-93-83635-31-3
041 _aENG
082 _a615.7
_bCH-R
100 _aChatterjee,Tapan Kumar
245 0 _aRodents for Pharmacological Experiments
250 _a1st Ed.
260 _c2014
_aHyderbad
_bPharmaMed Press
300 _a284p.
650 _aPharmacy
942 _cBK
999 _c7235
_d7235